000 00732nam a22002177a 4500
005 20160606145241.0
010 _aENG-115208
020 _a9789351507369
_c975.00
035 _aEN-98740
037 _bDBAD/PUB
082 0 0 _a303.34
_223
100 1 _aPritam Singh
245 1 4 _aThe leadership odyssey :
_bfrom darkness to light /
_cby Pritam Singh, Asha Bhandarker [and] Snigdha Rai
260 _aNew Delhi
_bSAGE Publications
_c2016
270 _aB1/I-1 Mohan Cooperative Industrial Area , Mathura Road
_bNew Delhi
_e110044
300 _axxxi, 332p.
_c25cm(Hb)
650 0 _aLeadership
_xMoral and ethical aspects.
700 1 _aBhandarker, Asha
700 1 _aRai, Snigdha
942 _2ddc
_cEN
_h303.34
_mPRI
999 _c100199
_d100199